000 00367pab a2200157 454500
008 180718b2000 xxu||||| |||| 00| 0 eng d
100 _aRaja Mohan, C.
245 _aIndo-U.s. ties: a new spring?
260 _c2000
300 _ap.10
362 _a16 Mar
650 _aDiplomacy - India
650 _aInternational relations
773 _aHindu
909 _a44991
999 _c44991
_d44991